000 00554cam a2200217 4500
008 090401t1983 xxu||||| |||| 00| 0 eng d
020 _a0711457646
035 _a(Sirsi) u40032
041 _aeng
050 _a690.026
245 _aBuilding law reports. - Volume 24.
260 _aLondon
_bGeorge Godwin
_c1983
300 _avi,163p. ; 23cm.
350 _a0
650 _aBUILDING INDUSTRY
650 _aLAW REPORTS
690 _aBUILDING AND CONSTRUCTION-CASE LAW
700 _aLLoyd, Humphrey
_xEditor
942 _n0
948 _c04/03/1997
999 _c90844
_d90844